<?phpxml version="1.0" encoding="ISO-8859-1"?>
 <collection>
  

 
<record>
 <datafield tag="088" ind1="" ind2="">
  <subfield code="a">2025Koper</subfield> 
  </datafield>
<datafield tag="909" ind1="C" ind2="0">
<subfield code="p">TRANSP-OR</subfield>
</datafield>
<datafield tag="980" ind1="" ind2="">
<subfield code="a">TALK</subfield>
</datafield>
 <datafield tag="700" ind1="" ind2="">
  <subfield code="a">Bierlaire, Michel</subfield> 
  </datafield>
 <datafield tag="700" ind1="" ind2="">
  <subfield code="a">Meunier, Frédéric</subfield> 
  </datafield>
 <datafield tag="700" ind1="" ind2="">
  <subfield code="a">Ricard, Léa</subfield> 
  </datafield>
 <datafield tag="700" ind1="" ind2="">
  <subfield code="a">Vogler, Prunelle</subfield> 
  </datafield>
<datafield tag="245" ind1="" ind2="">
<subfield code="a">
Predicting Human Behavior with Optimization</subfield>
</datafield>
<datafield tag="260" ind1="" ind2="">
<subfield code="c">2025</subfield>
</datafield>
<datafield tag="711" ind1="2" ind2="">
<subfield code="a">
Middle-European Conference on Applied Theoretical Computer Science</subfield>
<subfield code="c">
University of Primorska, Koper, Slovenia</subfield>
<subfield code="d">October 09, 2025</subfield>
</datafield>
  </record>



  </collection>
